00508nam a2200169Ia 450000500170000000800410001708200170005810000210007524500530009626000350014930000130018465000100019765000110020794200060021895200990022499900150032320250529022050.0240331s9999 xx 000 0 und d a302.234bWIJ aWijayasooriya, W 0aVenas vana gahanu sith :b Pabavathi Kavsilumina acolombobW. p. Jinadasac1968  a195 p ., awomen agender cL 001040708LaWERCLbWERCLcSSCd2024-03-31l0o 302.234 WIJp3881r2024-03-31w2024-03-31yL c1161d1161